MARC details
| 000 -LEADER |
| campo de control de longitud fija |
02291nam a22006617a 4500 |
| 003 - IDENTIFICADOR DE NÚMERO DE CONTROL |
| campo de control |
OSt |
| 005 - FECHA Y HORA DE LA ÚLTIMA TRANSACCIÓN |
| campo de control |
20230608123748.0 |
| 008 - DATOS DE LONGITUD FIJA--INFORMACIÓN GENERAL |
| campo de control de longitud fija |
221006b |||||||| |||| 00| 0 eng d |
| 040 ## - FUENTE DE CATALOGACIÓN |
| Centro/agencia transcriptor |
Biblioteca Lado V |
| 082 ## - NÚMERO DE LA CLASIFICACIÓN DECIMAL DEWEY |
| Número de clasificación |
800 |
| Número de ítem |
R175r |
| 100 ## - ENTRADA PRINCIPAL--NOMBRE DE PERSONA |
| 9 (RLIN) |
850 |
| Nombre de persona |
Ramos Rivera, Victor Manuel |
| Término indicativo de función/relación |
director |
| 245 ## - MENCIÓN DEL TÍTULO |
| Título |
Revista de la Universidad/ |
| Resto del título |
Futbol/ |
| 260 ## - PUBLICACIÓN, DISTRIBUCIÓN, ETC. |
| Lugar de publicación, distribución, etc. |
Universidad Pedagógica Nacional francisco Morazan |
| Fecha de publicación, distribución, etc. |
2001 |
| Nombre del editor, distribuidor, etc. |
Honduras |
| -- |
Tegucigalpa |
| 300 ## - DESCRIPCIÓN FÍSICA |
| Dimensiones |
21.5x27cm |
| Extensión |
106p. |
| 366 ## - INFORMACIÓN SOBRE DISPONIBILIDAD COMERCIAL |
| Nota |
spa |
| 490 ## - MENCIÓN DE SERIE |
| Mención de serie |
3 |
| Designación de volumen o secuencia |
2 |
| 505 ## - NOTA DE CONTENIDO CON FORMATO |
| Título |
Presentacion |
| 505 ## - NOTA DE CONTENIDO CON FORMATO |
| Título |
Los once de la tribu |
| 505 ## - NOTA DE CONTENIDO CON FORMATO |
| Título |
El futbol un fenómeno social de masas |
| 505 ## - NOTA DE CONTENIDO CON FORMATO |
| Título |
Sone que la nieve ardía |
| 505 ## - NOTA DE CONTENIDO CON FORMATO |
| Título |
La Guerra del futbol |
| 505 ## - NOTA DE CONTENIDO CON FORMATO |
| Título |
Literatura y Futbol |
| 505 ## - NOTA DE CONTENIDO CON FORMATO |
| Título |
Escapando con el balon |
| 505 ## - NOTA DE CONTENIDO CON FORMATO |
| Título |
Un hinchado cuero |
| 505 ## - NOTA DE CONTENIDO CON FORMATO |
| Título |
Poemas dedicados al balón pie |
| 505 ## - NOTA DE CONTENIDO CON FORMATO |
| Título |
Gol (pieza en un acto) |
| 505 ## - NOTA DE CONTENIDO CON FORMATO |
| Título |
Dos amigos |
| 505 ## - NOTA DE CONTENIDO CON FORMATO |
| Título |
Tres poemas |
| 505 ## - NOTA DE CONTENIDO CON FORMATO |
| Título |
La filosofía del portero |
| 505 ## - NOTA DE CONTENIDO CON FORMATO |
| Título |
Un lenguaje de poetas y prosistas |
| 505 ## - NOTA DE CONTENIDO CON FORMATO |
| Título |
Fiebre sin fin |
| 505 ## - NOTA DE CONTENIDO CON FORMATO |
| Título |
Esa galaxia llamada futbol |
| 505 ## - NOTA DE CONTENIDO CON FORMATO |
| Título |
Juguete milenario |
| 505 ## - NOTA DE CONTENIDO CON FORMATO |
| Título |
Apostillas |
| 505 ## - NOTA DE CONTENIDO CON FORMATO |
| Título |
El futbol y las artes plásticas |
| 505 ## - NOTA DE CONTENIDO CON FORMATO |
| Título |
Elegía al guardameta |
| 505 ## - NOTA DE CONTENIDO CON FORMATO |
| Título |
crónica de un corresponsal no alineado |
| 505 ## - NOTA DE CONTENIDO CON FORMATO |
| Título |
Musica |
| 505 ## - NOTA DE CONTENIDO CON FORMATO |
| Título |
Fabulas futboleras |
| 505 ## - NOTA DE CONTENIDO CON FORMATO |
| Título |
Juegos de pelota en el mundo prehispánico |
| 505 ## - NOTA DE CONTENIDO CON FORMATO |
| Título |
Allan McDonald |
| 505 ## - NOTA DE CONTENIDO CON FORMATO |
| Título |
Un reconocimiento como un gesto de reciprocidad |
| 505 ## - NOTA DE CONTENIDO CON FORMATO |
| Título |
En los años de mi niñez vividos en Honduras se despertó mi vocación por la literatura |
| 505 ## - NOTA DE CONTENIDO CON FORMATO |
| Título |
Estafa |
| 505 ## - NOTA DE CONTENIDO CON FORMATO |
| Título |
Libros |
| 505 ## - NOTA DE CONTENIDO CON FORMATO |
| Título |
Arte artistas mesoamericanos en Tegucigalpa |
| 505 ## - NOTA DE CONTENIDO CON FORMATO |
| Título |
Premio Mexico |
| 505 ## - NOTA DE CONTENIDO CON FORMATO |
| Título |
Noticias |
| 505 ## - NOTA DE CONTENIDO CON FORMATO |
| Título |
Los colaboradores |
| 650 ## - PUNTO DE ACCESO ADICIONAL DE MATERIA--TÉRMINO DE MATERIA |
| Fuente del encabezamiento o término |
Tesauro de Arte & Arquitectura |
| Término de materia o nombre geográfico como elemento de entrada |
ENSAYOS |
| 9 (RLIN) |
703 |
| 650 ## - PUNTO DE ACCESO ADICIONAL DE MATERIA--TÉRMINO DE MATERIA |
| Fuente del encabezamiento o término |
Tesauro de Arte & Arquitectura |
| Término de materia o nombre geográfico como elemento de entrada |
NARRATIVA |
| 9 (RLIN) |
702 |
| 650 ## - PUNTO DE ACCESO ADICIONAL DE MATERIA--TÉRMINO DE MATERIA |
| Fuente del encabezamiento o término |
Tesauro de Arte & Arquitectura |
| Término de materia o nombre geográfico como elemento de entrada |
DEBATE |
| 9 (RLIN) |
702 |
| 650 ## - PUNTO DE ACCESO ADICIONAL DE MATERIA--TÉRMINO DE MATERIA |
| Fuente del encabezamiento o término |
Tesauro de Arte & Arquitectura |
| Término de materia o nombre geográfico como elemento de entrada |
POESIA |
| 650 ## - PUNTO DE ACCESO ADICIONAL DE MATERIA--TÉRMINO DE MATERIA |
| Fuente del encabezamiento o término |
Tesauro de Arte & Arquitectura |
| Término de materia o nombre geográfico como elemento de entrada |
ARTE |
| 650 ## - PUNTO DE ACCESO ADICIONAL DE MATERIA--TÉRMINO DE MATERIA |
| Fuente del encabezamiento o término |
Tesauro de Arte & Arquitectura |
| Término de materia o nombre geográfico como elemento de entrada |
CULTURA |
| 700 ## - ENTRADA AGREGADA--NOMBRE PERSONAL |
| Nombre de persona |
Navarreta, Jose Antonio |
| Término indicativo de función/relación |
editor |
| 942 ## - ELEMENTOS DE ENTRADA SECUNDARIOS (KOHA) |
| Fuente del sistema de clasificación o colocación |
Clasificación Decimal Dewey |
| Tipo de ítem Koha |
Libros |
| Parte de la signatura que corresponde a la clasificación (Parte de la clasificación) |
800 |
| Parte de la signatura que identifica el ejemplar (Parte del ítem) |
G984r |
| Suprimir en OPAC |
No |